NCAAM DII Basketball Logo Quiz: NSIC - Statistics

General Stats
  • This quiz has been taken 22 times
    12 since last reset
  • The average score is 10 of 16
Answer Stats
Picture Answer % Correct
Augustana
100%
Minnesota-Duluth
78%
Minnesota St.-Mankato
78%
St. Cloud St.
78%
Concordia-St. Paul
67%
Minot St.
67%
Sioux Falls
67%
Bemidji St.
56%
Jamestown
56%
Northern St.
56%
Southwest Minnesota St.
56%
Winona St.
56%
Minnesota-Crookston
44%
Minnesota St.-Moorhead
44%
Wayne St.
44%
Mary
33%
No matching quizzes found
Score Distribution
Percent of People with Each Score
Percentile by Number Answered
Your Score History
You have not taken this quiz since the last reset